| 000 | 00000nam##2200000za#4500 |
| 001 | 9.643297 |
| 003 | CaOODSP |
| 005 | 20210624224113 |
| 007 | cr ||||||||||| |
| 008 | 150407|1997||||xxc|||||o f|0| 0 fre|d |
| 040 | |aCaOODSP|bfre |
| 043 | |an-cn--- |
| 086 | 1 |aEn154-72/1997F-PDF |
| 110 | 2 |aService canadien de la faune. |
| 245 | 10|aGuide pour l'évaluation des impacts sur les oiseaux |h[ressource électronique] |
| 260 | |aOttawa - Ontario : |bEnvironnement Canada. |cMai 1997. |
| 300 | |a55p.|bréférences, tableaux |
| 590 | |a14-21-Supp|b2014-12-11 |
| 691 | 07|aÉvaluation environnementale|2gcpds |
| 691 | 07|aOiseau|2gcpds |
| 775 | 08|tGuide for impact assessment on birds |w(CaOODSP)9.699162 |
| 856 | 40|ahttp://publications.gc.ca|qPDF|s262 Ko|uhttps://publications.gc.ca/collections/collection_2014/ec/En154-72-1997-fra.pdf |